Statistics for UK Local Authorities Map

Click here to take the quiz!

General Stats

  • This quiz has been taken 103 times
    (101 since last reset)
  • The average score is 116 of 216

Answer Stats

Local Authority % Correct
EnglandCity of {Bristol}
94%
EnglandNottingham
92%
EnglandCornwall
92%
EnglandManchester
92%
England{Newcastle} upon {Tyne}
92%
EnglandKent
90%
EnglandLiverpool
90%
EnglandDerby
90%
Scotland{Edinburgh} City
90%
WalesCardiff
90%
EnglandOxfordshire
90%
EnglandBirmingham
90%
EnglandEssex
90%
Northern Ireland{Belfast} City
90%
England{Brighton} and {Hove}
88%
EnglandNorfolk
88%
WalesSwansea
88%
EnglandCity of {London}
88%
Scotland{Glasgow} City
88%
EnglandSouthampton
88%
EnglandLeicester
88%
EnglandCambridgeshire
88%
EnglandPortsmouth
86%
ScotlandOrkney
86%
Scotland{Aberdeen} City
86%
EnglandPlymouth
86%
EnglandSuffolk
86%
EnglandYork
86%
EnglandDevon
86%
ScotlandShetland
84%
Scotland{Dundee} City
84%
EnglandLeeds
84%
EnglandLincolnshire
84%
EnglandNorthumberland
84%
ScotlandHighland
84%
EnglandGloucestershire
82%
EnglandHerefordshire
82%
EnglandNorthamptonshire
82%
EnglandHampshire
82%
EnglandNorth Yorkshire
82%
Northern Ireland{Derry} City and {Strabane}
80%
EnglandLancashire
80%
EnglandSurrey
80%
EnglandSheffield
80%
EnglandSomerset
80%
EnglandWest Sussex
78%
EnglandCoventry
78%
EnglandDorset
78%
EnglandCounty {Durham}
78%
England{Bournemouth}, {Christchurch} and {Poole}
78%
EnglandEast Sussex
78%
EnglandCumbria
78%
EnglandDerbyshire
76%
EnglandStaffordshire
76%
EnglandWorcestershire
74%
England{Bath} and {North} {East} {Somerset}
74%
England{Stoke}-on-{Trent}
74%
EnglandWarwickshire
72%
EnglandWestminster
72%
EnglandWiltshire
72%
EnglandWolverhampton
72%
EnglandRutland
72%
WalesIsle of {Anglesey}
72%
EnglandSunderland
72%
England{Kingston} upon {Hull}
72%
England{East} {Riding} of {Yorkshire}
72%
EnglandNottinghamshire
70%
EnglandBuckinghamshire
70%
EnglandLeicestershire
70%
England{Kensington} and {Chelsea}
70%
EnglandBedford
70%
EnglandHertfordshire
70%
England{Cheshire} {West} and {Chester}
68%
Scotland{Perth} and {Kinross}
68%
EnglandShropshire
68%
EnglandBlackpool
66%
EnglandBradford
66%
EnglandMiddlesbrough
66%
EnglandIsle of {Wight}
64%
EnglandReading
62%
Scotland{Dumfries} and {Galloway}
62%
Wales{Vale} of {Glamorgan}
60%
ScotlandNa h-Eileanan Siar
58%
ScotlandScottish Borders
58%
Northern Ireland{Armagh} City, {Banbridge} and {Craigavon}
58%
WalesNewport
56%
ScotlandMidlothian
56%
ScotlandStirling
56%
ScotlandEast Lothian
54%
WalesNeath Port Talbot
54%
ScotlandAberdeenshire
54%
ScotlandWest Lothian
54%
WalesPowys
54%
Northern Ireland{Newry}, {Mourne} and {Down}
54%
ScotlandFife
52%
WalesPembrokeshire
52%
WalesMonmouthshire
52%
EnglandWirral
50%
EnglandPeterborough
50%
ScotlandMoray
48%
EnglandTower Hamlets
48%
England{Windsor} and {Maidenhead}
48%
WalesConwy
48%
ScotlandFalkirk
48%
WalesGwynedd
48%
WalesWrexham
48%
EnglandMilton Keynes
48%
England{Hammersmith} and {Fulham}
48%
EnglandIslington
48%
EnglandSwindon
46%
Northern Ireland{Fermanagh} and {Omagh}
46%
England{Richmond} upon {Thames}
46%
Scotland{Argyll} and {Bute}
46%
EnglandStockport
46%
England{Barking} and {Dagenham}
46%
EnglandDoncaster
46%
EnglandCroydon
46%
WalesCeredigion
46%
WalesFlintshire
46%
EnglandCamden
44%
WalesDenbighshire
44%
EnglandGateshead
42%
EnglandWakefield
42%
WalesMerthyr Tydfil
42%
EnglandLambeth
42%
Northern Ireland{Antrim} and {Newtonabbey}
42%
EnglandBolton
42%
EnglandHackney
42%
England{Kingston} upon {Thames}
42%
EnglandSalford
42%
EnglandRochdale
40%
England{Southend}-on-{Sea}
40%
EnglandLuton
40%
ScotlandAngus
40%
EnglandWigan
40%
EnglandEaling
40%
ScotlandRenfrewshire
40%
EnglandBrent
40%
EnglandSt Helens
40%
ScotlandWest Dunbartonshire
38%
WalesBlaenau Gwent
38%
England{Redcar} and {Cleveland}
38%
EnglandGreenwich
38%
EnglandSlough
38%
EnglandSouthwark
38%
EnglandHartlepool
38%
ScotlandEast Dunbartonshire
38%
England{Stockton}-on-{Tees}
38%
EnglandBarnsley
38%
EnglandIsles of {Scilly}
38%
ScotlandEast Renfrewshire
38%
EnglandSutton
38%
EnglandOldham
36%
England{Blackburn} with {Darwin}
36%
EnglandBarnet
36%
England{Telford} and {Wrekin}
36%
ScotlandEast Ayrshire
36%
WalesCarmarthenshire
36%
EnglandHaringey
36%
EnglandHounslow
36%
ScotlandSouth Ayrshire
36%
ScotlandSouth Lanarkshire
34%
EnglandNorth Lincolnshire
34%
EnglandEnfield
34%
ScotlandNorth Ayrshire
34%
WalesCaerphilly
34%
EnglandDarlington
34%
EnglandWarrington
34%
WalesBridgend
34%
EnglandSolihull
34%
EnglandBury
34%
EnglandBromley
34%
WalesRhondda Cynon Taf
34%
EnglandRotherham
34%
ScotlandNorth Lanarkshire
34%
EnglandHarrow
34%
ScotlandClackmannanshire
34%
EnglandMedway
34%
EnglandTorbay
32%
ScotlandInverclyde
32%
WalesTorfaen
32%
EnglandNewham
32%
EnglandBexley
32%
EnglandLewisham
32%
EnglandDudley
32%
EnglandCheshire East
32%
EnglandMerton
32%
EnglandRedbridge
30%
EnglandWaltham Forest
30%
EnglandWandsworth
30%
EnglandHillingdon
30%
EnglandHavering
30%
EnglandWest Berkshire
30%
EnglandWalsall
28%
EnglandNorth Tyneside
26%
EnglandNorth East Lincolnshire
26%
EnglandSouth Tyneside
26%
EnglandNorth Somerset
26%
EnglandSouth Gloucestershire
24%
Northern Ireland{Ards} and {North} {Down}
24%
EnglandKirklees
24%
EnglandSandwell
24%
Northern Ireland{Lisburn} and {Castlereagh} City
24%
EnglandSefton
22%
EnglandBracknell Forest
22%
EnglandKnowsley
20%
EnglandCalderdale
20%
EnglandTameside
20%
EnglandTrafford
20%
EnglandThurrock
18%
EnglandWokingham
18%
EnglandHalton
18%
EnglandCentral Bedfordshire
18%
Northern Ireland{Causeway} {Coast} and {Glens}
12%
Northern IrelandMid Ulster
10%
Northern Ireland{Mid} and {East} {Antrim}
10%

Score Distribution

Percentile by Number Answered

Percent of People with Each Score

Your Score History

You have not taken this quiz since the last reset